मराठी शाहिरी वाड्:मय परंपरा आणि अण्णाभाऊ साठे (Record no. 370593)

MARC details
000 -LEADER
fixed length control field 00548nam a2200169 4500
005 - DATE AND TIME OF LATEST TRANSACTION
control field 20260307162550.0
008 - FIXED-LENGTH DATA ELEMENTS--GENERAL INFORMATION
fixed length control field 260307b |||||||| |||| 00| 0 eng d
020 ## - INTERNATIONAL STANDARD BOOK NUMBER
International Standard Book Number 978-93-91558-05-5
041 ## - LANGUAGE CODE
Language code of text/sound track or separate title Marathi
082 ## - DEWEY DECIMAL CLASSIFICATION NUMBER
Classification number 891.46 SAG
100 ## - MAIN ENTRY--PERSONAL NAME
Author सगट, अंबादास
245 ## - TITLE STATEMENT
Title मराठी शाहिरी वाड्:मय परंपरा आणि अण्णाभाऊ साठे
260 ## - PUBLICATION, DISTRIBUTION, ETC.
Place of publication, distribution, etc. Pune
Name of publisher, distributor, etc. Bharatiya Vichar Sadhana
Date of publication, distribution, etc. 2021
300 ## - PHYSICAL DESCRIPTION
Extent 95p
Other physical details pb
365 ## - TRADE PRICE
Price type code Rupaye
Price amount 100
Currency code INR
942 ## - ADDED ENTRY ELEMENTS (KOHA)
Koha item type Books

No items available.